Les familles des Caniformes - Statistiques

Statistiques générales
  • Ce quiz a été pris 8 fois
  • Le résultat moyen est 3 sur 9
Statistiques - réponses
Familles Espèces % Correct
Canidés les chiens, les loups..
100%
Ursidés les ours
100%
Mustelidés les loutres, les furets, les putois
71%
Otariidés les otaries
29%
Ailuridés le panda roux
14%
Phocidés les phoques
14%
Procyonidés les ratons laveurs
14%
Méphitidés les moufettes
0%
Odobénidés le morse
0%
Aucun quiz correspondant
Distribution des résultats
% des personnes avec chaque résultat
Percentile par nombre de réponses
Votre historique - résultats
Vous n’avez pas pris ce quiz